Guess the Balkan song by text Part 3 - Statistics

General Stats
  • This quiz has been taken 49 times
  • The average score is 8 of 30
Answer Stats
Text Song % Correct
Vratio se sinoć, pored tebe nisam bioI tri noći sam pio, baš je težak ovaj život Henny x Breskvica - Sava i Dunav
60%
Gužva u gradu je, i to me mnogo smara Volan i menjač sedišta su Alcantara Menjam brzinu sedam soma obrtaja Boli glava lep je kô Šarac Baka Prase - Macan
50%
Brzo pijem, brzo planemLažem, krijem, srpsko sranje Deci primer loš ja dajem Pa šta ću tebi takav, moj Balkane? Coby x Rimski - Odakle sam ja
50%
Flaše na stolu, šare na fonu, lake žene i brzi kešNa uvo mi šapuće da bi s drugaricom posle kod mene na grupni seks Ortake u kola, paket u topa kad po kraju pravimo đir Evro po evro, šanžer u nebo, tako život slavimo, dream team Fox x Grca - Kocke leda
48%
Gađala mi srce pravo kô sa automatom Kol'ko mala troši, smuvô sam se s bankomatom Prljave mi felne, kilometre tukô Ona molto bene, brzo se navukô Nucci - Localo
48%
Samo slikaj, hashtag prva ligaAko razbije telefon nije moja briga Za tren oka, ali prekasno je shvatila Da za džabe ona glumila je ludila Teodora - Tresi tresi
45%
M-m-m-mala ga lomiSija mi kô kristal na Daytoni Prija mi tu, ista kô Naomi Diže me kô pista, avioni Prava je priča kad smo u lovi Sajfer - Karneval 2
40%
A priče kruže da smo banda kakve nigde nemaI da svaka glava luda nam za Boga ne zna A nismo krivi, takve majka nas je rodila U srcu geto, pa nas nesreća je vodila Voyage - Detinjstvo
38%
Otvara flašu grej gusaPotroši pare, ide, bye-bye Ful šminka, guza, usta Navijaju braća, samo andale, daj, daj Corona - Galerija
35%
Ti si građen malo jačeNa uho tiho šapće, ah Udri jače, m-manijače U sobi glasno dahće, ah Senidah - Level
35%
Nadjem ribu ludu da te pita brat (Brat)Malena u klubu svе za story drma sva (Drma sva) Nastavnik na Zoom-u, gori sprdam ga (Okej) Choda - Mala
33%
Jer ti si nevolja moja iako si njegovaNa ego mi udara, noćas ubiću nekoga Usne boje rubina ljube bolje nego ijedne Leden pogled kroz oblak dima, odmah na zlo navede Milan Stankovic x Jala Brat & Buba Corelli - Ego
33%
Ti si tako drzak i jak, treba svako da se plašiTaman, taman, meni taman si, al' pazi Verna kô pas, znaš da nećeš bolju naći Gde si do sad? Slobodno me laži Zera - Baraba
33%
Mlada si, shvati me, beži, ne prati mePiše da loži je belo i batine Ne sluša, zove, nudi da plati me Cilja da dođe, ne bira načine Desingerica x Pljugica - Flecc
30%
Šta još treba da se desi?Ti i ja smo samo rođeni besni Ti i ja kô da na istoj smo adresi Ljuljaju demoni kô da popili smo benzin Edita - Stikla
30%
'Ajde diži mi tenzije, tu guzu 'vamo donesi Mi rolamo Benz 63 Benzin A na meni toliko leda, leden kô Eskim Mala, noćas budi mi more, ja biću jet ski Jala Brat x Tory Lanez - Adrenalina
28%
(Ma) Ranjena lavica Dižem se na divljem vetru, prava ratnica (Ma) Za tebe peta dahija Breskvica - Losa
25%
Dobro došli u mesto gde svi smo bolji lošiGde se ne hrani duša, već stvore ovisnosti Gde ti ćerkici hirurzi kroje novi kostim Dobro došli, gosti, yeah Đorđe x Klinac - Borba
25%
Noćas radi šta ti kažemNoćas bit ću samo tvoj Golo tijelo, tetovaže bacaju u trans Traže mi da budem tvoj Jala Brat x Dado Polumenta - Dominantna
25%
Ti si navikla na noći, ja sam navik'o na mrakKažu ako želiš moć, onda moraš biti jak A ti si zlo, zlo, što mi radiš to? Pao sam na dno, koštalo me to THCF - Problem manje
23%
(Au) Kada umrem ću da stanemAko padnem, pare su kod mame A dugi nosevi su kad se cijevi vade A ti vadi pare, pare, pare Valderrama flow - Pare
18%
Noću lagano po gradu kruži crni fantom Crni mercedes, samo vidi me sa bandom Ona kaže stalno viđa me sa gandžom Murija je svuda, kaže "Nađi zaklon" Rasta x Alen Sakic - Maroko
15%
Sve gori kô u Sodomi i GomoriAlkohol samo u meni, otrovi Usne su neme, ćuti, ne govori Reči bole, to ne ušivaju doktori Rimski x Tanja Savic - Bye bye
15%
Šta kome smeta, kome smo meta? Previše vrijedna, ne dam je ne dam Lele, lej, lej, dođi mi da pretjeram Bebo, bebo, gaziš kô manekenka Sajfer - Med
15%
Na meni samo Gucci svila, Louis šalSad kreni, ponovo mi usne svoje daj Ti sediš s njim za stolom opet, a ja sâm Zadnje pare ću na cigane da dam Devito x Corona - Valentina
13%
Nekada bio svega željanSad avion, biznis klasa Živim ga kô šef kartela Lagano se dimi zaza Jala Brat & Buba Corelli - Da li si me
13%
Mene nikad ne dovodi u pitanjeKad se pojavim, u klubu je kidanje Daj nam duplo sve, after je u svitanje Slobodno gledaj me, znam da ne stidiš se Mahrina - Ljubila
10%
Opijam, ubijam pogledom, yallaTvoja i ničija moram biti ja A ti bi hteo harem punog žena Srce bi mi slomio Kali - Mashallah
5%
Kola i džek, pola pet, dobro ti poznajem korakeZora je, gola pleše, otjera oblake U led stavi Belvedere, dupe savij ispred mene Oči plave ledene dođu da iznevjere Igor Buzov - Nema dileme
3%
Ova maska lopova krije lice izdajiceU rukama volan novog Bentlija Na ruci zlatni ukradeni IWC Al sve je bebo samo laž, sve je samo laž Sergej Pajic - Uspavanka
3%
No matching quizzes found
Score Distribution
Percent of People with Each Score
Percentile by Number Answered
Your Score History
You have not taken this quiz